The untapped generation, (Record no. 4416)
[ view plain ]
| 000 -LEADER | |
|---|---|
| fixed length control field | 00684nam a2200265 4500 |
| 001 - CONTROL NUMBER | |
| control field | 164814 |
| 003 - CONTROL NUMBER IDENTIFIER | |
| control field | OSt |
| 005 - DATE AND TIME OF LATEST TRANSACTION | |
| control field | 20181205170104.0 |
| 008 - FIXED-LENGTH DATA ELEMENTS--GENERAL INFORMATION | |
| fixed length control field | 820825s1971 miua 000 0 eng |
| 010 ## - LIBRARY OF CONGRESS CONTROL NUMBER | |
| LC control number | 75146572 |
| 035 ## - SYSTEM CONTROL NUMBER | |
| System control number | 0004-71360 |
| 040 ## - CATALOGING SOURCE | |
| Original cataloging agency | DLC |
| Transcribing agency | DLC |
| 050 0# - LIBRARY OF CONGRESS CALL NUMBER | |
| Classification number | RC554 |
| Item number | .W54 |
| 082 ## - DEWEY DECIMAL CLASSIFICATION NUMBER | |
| Classification number | 253.5 |
| Item number | W681U |
| 100 1# - MAIN ENTRY--PERSONAL NAME | |
| Personal name | Wilkerson, David R |
| 245 14 - TITLE STATEMENT | |
| Title | The untapped generation, |
| Statement of responsibility, etc. | by David & Don Wilkerson |
| 260 ## - PUBLICATION, DISTRIBUTION, ETC. | |
| Place of publication, distribution, etc. | Grand Rapids, |
| Name of publisher, distributor, etc. | Zondervan Pub. House |
| Date of publication, distribution, etc. | [1971] |
| 300 ## - PHYSICAL DESCRIPTION | |
| Extent | 256 p. |
| Other physical details | illus. |
| Dimensions | 22 cm |
| 650 #0 - SUBJECT ADDED ENTRY--TOPICAL TERM | |
| Topical term or geographic name entry element | Personality disorders |
| 650 #0 - SUBJECT ADDED ENTRY--TOPICAL TERM | |
| Topical term or geographic name entry element | Youth |
| 650 #0 - SUBJECT ADDED ENTRY--TOPICAL TERM | |
| Topical term or geographic name entry element | Counseling |
| 650 #0 - SUBJECT ADDED ENTRY--TOPICAL TERM | |
| Topical term or geographic name entry element | Psychology, Religious |
| 700 1# - ADDED ENTRY--PERSONAL NAME | |
| Personal name | Wilkerson, Don |
| 942 ## - ADDED ENTRY ELEMENTS (KOHA) | |
| Source of classification or shelving scheme | Dewey Decimal Classification |
| Koha item type | Books |
| Withdrawn status | Lost status | Source of classification or shelving scheme | Damaged status | Not for loan | Collection code | Home library | Current library | Shelving location | Date acquired | Cost, normal purchase price | Total Checkouts | Full call number | Barcode | Date last seen | Price effective from | Koha item type |
|---|---|---|---|---|---|---|---|---|---|---|---|---|---|---|---|---|
| Dewey Decimal Classification | Not For Loan | Non-fiction | Harvest Mission College | Harvest Mission College | General Stacks | 05.12.2018 | 190.00 | 253.5 W681U | 005056 | 05.12.2018 | 05.12.2018 | Books |
